LIBRARY & INFORMATION CENTRE, KCAET, TAVANUR

ONLINE PUBLIC ACCESS CATALOGUE (OPAC)

Outlines of Monetary Economics / (Record no. 12796)

MARC details
000 -LEADER
fixed length control field 00279cam a2200109ua 4500
082 ## - DEWEY DECIMAL CLASSIFICATION NUMBER
Classification number 332
Item number DAY/OU
100 ## - MAIN ENTRY--AUTHOR NAME
Personal name Day, A.C.L .
245 ## - TITLE STATEMENT
Title Outlines of Monetary Economics /
260 ## - PUBLICATION, DISTRIBUTION, ETC. (IMPRINT)
Place of publication London :
Name of publisher Oxford at the Clarendon Press ,
Year of publication 1963.
300 ## - PHYSICAL DESCRIPTION
Number of Pages 559 ; .
942 ## - ADDED ENTRY ELEMENTS (KOHA)
Koha item type Books
Holdings
Withdrawn status Lost status Damaged status Home library Current library Date acquired Full call number Accession Number Koha item type
Withdrawn     KAUAET Sanskrit University 07/04/2012 332 5071 Books
free website counter